00680nam a2200193Ia 4500008004100000020001800041082001800059100006200077245004400139250000700183260004400190300002300234500001900257600003300276650001600309942000700325952013700332999001700469240925s9999 xx 000 0 und d a9788126514151 a518.02855 YAN aYang, Won Y.; Cao, Wenwu ; Chung, Tae-Sang ; Morris, John 0aApplied Numerical Methods: Using MATLAB aNA aNew Delhi:bJohn Wiley and Sonsc,2005. a585p.b0fOriginal aIncludes Index aHumanities & Natural Science aMathematics cBK 001040708HUMaUITUbUITUd2019-01-20eAllied Book Companyg1092.00l0o518.02855 YANpQ13753r2024-09-25 07:16:58w2024-09-25yBK c16252d16252